Регионална библиотека "Любен Каравелов" - Русе

Момчето с шпагата (Запис номер 169610)

MARC детайли
000 -Лидер
Контролно поле с фиксирана дължина 01480nam a2200301 c 4500
003 - Код на организацията, давaща контролен номер
Контролно поле BLK
005 - Дата и час на последна редакция
Контролно поле 20180422114331.0
008 - Елементи от данни с фиксирана дължина
fixed length control field 180411b bul|||||r ||||||| ||bul||
010 ## - Наследен системен номер
LC control number KNG00177624000
040 ## - Източник на каталожния запис
Идентификатор на билиотеката - собственик на записа BLK
041 ## - Код за език
Код за езика на текст/звукозапис или на отделно заглавие Български
Код за езика КДБФ Български
080 ## - УДК
Текстов определител УДК Руска литература
УДК код - определител по УДК 821.161.1
УДК определител -93-32
УДК - код + определител 821.161.1-93-32
100 1# - Редна дума - Автор
Автор Крапивин, Владислав Петрович
Авторска отговорност първи автор
R(LIN) 329165
139 ## - Редно поле
Редна дума Крапивин, Владислав Петрович
Авторски знак Крал - К 89
245 10 - Сведения за заглавието
Заглавие Момчето с шпагата
Подзаглавни данни Повести за юноши
Редно поле (дума) Владислав Петрович Крапивин; прев. от рус. Люба Мутафова; худож. Роза Халачева.
257 ## - Страна на издаване
Страна на създаване/издаване СССР
260 ## - Област на издателските данни
-- София
Име на издателя, разпространителя и проч. Нар. младеж
Година на издаване 1982
300 ## - Физическа характеристика
Страници 390 с.
Илюстрации и др. с ил.
Размери/Мащаб 20 см
380 ## - Жанр
Жанр Детска худож. лит.
500 ## - Общи забележки
Забележка Прев. е направен от Всадники со станция Роса. М., 1975 ; Мальчик со спагой. М. 1976. - Съдържа повестите: Конниците от гара Роса ; Звездният час на Серьожа Каховски ; Флаг-капитани.
700 1# - Други автори (авторска отговорност)
Лично име Мутафова, Люба
Автороска отговорност (Описва отношението между автора и произведението) прев. от рус.
9 (RLIN) 379884
700 1# - Други автори (авторска отговорност)
Лично име Халачева, Роза
Автороска отговорност (Описва отношението между автора и произведението) худож.
9 (RLIN) 379356
852 ## - Местоположение
Форматна сигнатура Цб 112087
856 4# - Електронен адрес и достъп
Електронен формат pdf - файл
Път до файла /url/
856 4# - Електронен адрес и достъп
Електронен формат pdf - файл
Път до файла /url/
942 ## - АРТИКУЛИ
Вид на библиотечния материал Книги
Скрит в OPAC Не
944 ## - СЪЗДАВАНЕ И РЕДАКЦИЯ на ЗАПИСА
Създаване/Редакция Създаване
Дата на регистрацията/редакция 02.07.2015
Служител, извършил регистрацията/редакцията Милена_Ачева
944 ## - СЪЗДАВАНЕ И РЕДАКЦИЯ на ЗАПИСА
Създаване/Редакция Редакция
Дата на регистрацията/редакция 02.07.2015
Служител, извършил регистрацията/редакцията Милена_Ачева
999 ## - СИСТЕМНИ КОНТРОЛНИ НОМЕРА
Koha biblionumber 169610
Koha biblioitemnumber 169610
Наличности
Код за отписване Код за изгубен артикул Източник на класификационната схема Код за повреда Коз за рестрикции Код за отдаване Артикулен № Име на библиотеката - собственик Име на библиотеката, в която се намира в момента Статус (Текущо местоположение) Дата на вписване в системата Местоположение - отдел Цена в лева Инвентарен номер Систематично азбучна сигнатура Баркод Номер на екземпляра Цена в евро Служебна бележка Служебен тип на артикула Бележка за публиката
  Не е изгубен Universal Decimal Classification Не е повреден без рестрикции ползва се в читалня 286743 Регионална библиотека "Любен Каравелов" Русе Регионална библиотека "Любен Каравелов" Русе Хранилище 1982-01-01 Хранилище 1.28 341778 Цб 112087 900000020784 1 0.65 Дост: Dp Вид: Д N: стар фонд Дата: 01.01.1982 Книги  
Изтеглен Не е изгубен Universal Decimal Classification Не е повреден без рестрикции заемане за дома 286744 Регионална библиотека "Любен Каравелов" Русе Регионална библиотека "Любен Каравелов" Русе Заемна - подръчен фонд 1982-01-01 Заемна - подръчен фонд 1.28 341707 П 882-32/К 89 341707 2 0.65 Вид: Сф N: стар фонд Дата: 01.01.1982 Книги  
Изтеглен Не е изгубен Universal Decimal Classification Не е повреден без рестрикции заемане за дома 286745 Регионална библиотека "Любен Каравелов" Русе Регионална библиотека "Любен Каравелов" Русе Заемна - подръчен фонд 1982-01-01 Заемна - подръчен фонд 1.28 341708 П 882-32/К 89 341708 3 0.65 Вид: Сф N: стар фонд Дата: 01.01.1982 Дата инв: 12.02.2018 Бележки инв: П2018 Книги  
Изтеглен Не е изгубен Universal Decimal Classification Не е повреден без рестрикции заемане за дома 286746 Регионална библиотека "Любен Каравелов" Русе Регионална библиотека "Любен Каравелов" Русе Детски отдел 1982-01-01 Детски отдел 1.28 341568 ДХ 820/899/К 89 341568 4 0.65 Вид: Сф N: стар фонд Дата: 01.01.1982 Дата инв: 11.09.2015 Бележки инв: Д2015 Книги  
Изтеглен Не е изгубен   Не е повреден без рестрикции заемане за дома 286747 Регионална библиотека "Любен Каравелов" Русе Регионална библиотека "Любен Каравелов" Русе   1982-01-01 Детски отдел 1.28 341569 ДХ 820/899/К 89 341569 5 0.65 Вид: Сф N: стар фонд Дата: 01.01.1982 Дата инв: 11.09.2015 Бележки инв: Д2015 Книги Отч.N: 42/17 , Дата: 08.09.2017
Изтеглен Не е изгубен   Не е повреден без рестрикции заемане за дома 286748 Регионална библиотека "Любен Каравелов" Русе Регионална библиотека "Любен Каравелов" Русе   1982-01-01 Детски отдел 1.28 341570 ДХ 820/899/К 89 341570 6 0.65 Вид: Сф N: стар фонд Дата: 01.01.1982 Дата инв: 11.09.2015 Бележки инв: Д2015 Книги Отч.N: 37/17 , Дата: 06.09.2017
Vip Innovations Ltd, Rousse, Bulgaria 2025